[Event "Louisiana State 2025"]
[Site "New Orleans, LA USA"]
[Date "2025.08.30"]
[Round "1.1"]
[White "Costanza,Mitchell"]
[Black "Nakamura,Hi"]
[Result "0-1"]
[WhiteElo "1812"]
[BlackElo "2807"]

1.e4 c5 2.c3 d5 3.exd5 Nf6 4.Nf3 Nxd5 5.d4 cxd4 6.Bb5+ Bd7 7.Qa4 dxc3 8.O-O a6
9.Bxd7+ Qxd7 10.Qc4 Qc6 11.Qe4 c2 12.Na3 Nf6 13.Qxc2 Qxc2 14.Nxc2 e6 15.Be3 Nd5
16.Bg5 f6 17.Bd2 e5 18.Ne3 Nf4 19.Rfe1 Nc6  0-1

[Event "Louisiana State 2025"]
[Site "New Orleans, LA USA"]
[Date "2025.08.30"]
[Round "3.1"]
[White "Nakamura,Hi"]
[Black "Villamil,Nahum Jose"]
[Result "1-0"]
[WhiteElo "2807"]
[BlackElo "1919"]

1.c4 Nf6 2.Nc3 g6 3.g3 Bg7 4.Bg2 d6 5.d4 O-O 6.Nf3 Nbd7 7.O-O e5 8.e4 exd4
9.Nxd4 Re8 10.h3 Nc5 11.Re1 a5 12.b3 Bd7 13.Bf4 Qc8 14.g4 h5 15.f3 Ne6 16.Nxe6 Rxe6
17.Qd2 Bc6 18.Rad1 Qe8 19.Ne2 hxg4 20.hxg4 Nd7 21.Nd4 Bxd4+ 22.Qxd4 Qe7 23.Bd2 Qf6
24.Qe3 Qh4 25.g5 f6 26.Qf4 Qxg5 27.Qxg5 fxg5 28.Bxg5 Ne5 29.Kf2 Rf8 30.Kg3 b5
31.cxb5 Bxb5 32.a4 Be8 33.Bh6 Rff6 34.Bd2 Nd3 35.Rh1 d5 36.Bg5 dxe4 37.Bxf6 Rxf6
38.fxe4 Nf2 39.Rhf1 Nxd1 40.Rxf6 Bf7 41.Ra6 Bxb3 42.Rxa5 Nc3 43.Ra8+ Kf7
44.a5 Bc2 45.a6 Nxe4+ 46.Kh2  1-0

[Event "Louisiana State 2025"]
[Site "New Orleans, LA USA"]
[Date "2025.08.31"]
[Round "4.1"]
[White "Tan,Ralph"]
[Black "Nakamura,Hi"]
[Result "0-1"]
[WhiteElo "2043"]
[BlackElo "2807"]

1.Nf3 c5 2.g3 Nc6 3.c4 g6 4.Bg2 Bg7 5.Nc3 d6 6.O-O Bd7 7.e3 Qc8 8.Nd5 Nf6
9.a3 Rb8 10.d3 b5 11.Bd2 bxc4 12.dxc4 Ne4 13.Ra2 Nxd2 14.Qxd2 a5 15.Ng5 Qd8
16.Ne4 O-O 17.Rc1 a4 18.f4 Re8 19.Ndc3 Na5 20.Qe2 Qc8 21.Bf1 Bc6 22.Nd2 e5
23.Nde4 Qe6 24.Ng5 Qe7 25.Bg2 Bxg2 26.Kxg2 exf4 27.gxf4 Qxe3 28.Qxe3 Rxe3
29.Nxa4 Re2+ 30.Kh1 Rb3 31.Rf1 Nxc4 32.Rf3 Rxf3 33.Nxf3 Rf2 34.Ng1 Ne3 35.Nh3 Rc2
36.Ra1 Ng4 37.Rg1 Rxh2+  0-1

[Event "Louisiana State 2025"]
[Site "New Orleans, LA USA"]
[Date "2025.08.31"]
[Round "5.1"]
[White "Nakamura,Hi"]
[Black "Schulingkamp,Mark L"]
[Result "1-0"]
[WhiteElo "2807"]
[BlackElo "1900"]

1.c4 Nf6 2.Nc3 g6 3.g3 Bg7 4.Bg2 d6 5.d4 O-O 6.Nf3 Nbd7 7.O-O e5 8.e4 c6
9.h3 Qe7 10.Re1 Re8 11.d5 c5 12.a3 Rf8 13.b4 Ne8 14.Qc2 f5 15.Ng5 Ndf6 16.exf5 Bxf5
17.Qe2 h6 18.Ne6 Bxe6 19.dxe6 cxb4 20.axb4 Nc7 21.Nd5 Nfxd5 22.cxd5 a6 23.Be4 Qf6
24.Be3 Rac8 25.Rac1 Nb5 26.Qg4 Nc3 27.Qxg6 Qxg6 28.Bxg6 Nxd5 29.Rcd1 Nxe3
30.Rxe3 Bf6 31.Rxd6 Kg7 32.Be4 Rc7 33.Rd7+ Rxd7 34.exd7 b6 35.Ra3 a5 36.bxa5 bxa5
37.Rxa5 Rd8 38.Bf5 Kf7 39.Ra6 Bg7 40.Rc6 Bf6 41.Kg2 Bg7 42.h4 Bf6 43.Re6 Bg7
44.Re8 Bf6 45.Be6+ Kg7 46.Kf3  1-0

[Event "Louisiana State 2025"]
[Site "New Orleans, LA USA"]
[Date "2025.09.01"]
[Round "6.1"]
[White "Nakamura,Hi"]
[Black "Matta,Nicholas"]
[Result "1-0"]
[WhiteElo "2807"]
[BlackElo "2250"]

1.d4 d5 2.c4 e6 3.Nc3 Nf6 4.cxd5 exd5 5.Bg5 c6 6.e3 Bd6 7.Bd3 O-O 8.Nf3 Re8
9.O-O Bg4 10.Qc2 h6 11.Bh4 Nbd7 12.Rae1 Nf8 13.Nd2 Bh5 14.f4 g5 15.Bg3 Ng6
16.Bxg6 Bxg6 17.Qd1 Bd3 18.Rf2 g4 19.Bh4 h5 20.Qb3 Ba6 21.e4 Be7 22.e5 Nd7
23.Bxe7 Qxe7 24.Nf1 Bxf1 25.Rfxf1 Nb6 26.Qc2 Qe6 27.f5 Qh6 28.f6 Nd7 29.h3 gxh3
30.Qf5 Nf8 31.Qxh3 Re6 32.Rf5 h4 33.Ne2 Ng6 34.Ref1 Qd2 35.Qg4 Kf8 36.Rg5 Qe3+
37.Rf2 Qe4 38.Nf4  1-0

[Event "Louisiana State 2025"]
[Site "New Orleans, LA USA"]
[Date "2025.09.01"]
[Round "7.1"]
[White "Campbell,Charles"]
[Black "Nakamura,Hi"]
[Result "0-1"]
[WhiteElo "2138"]
[BlackElo "2807"]

1.d4 d5 2.Nf3 Nf6 3.c4 e6 4.Nc3 dxc4 5.e3 a6 6.Bxc4 b5 7.Bd3 Bb7 8.O-O Nbd7
9.Qe2 c5 10.Rd1 cxd4 11.exd4 Be7 12.Bg5 O-O 13.Ne5 Nd5 14.Qh5 f5 15.Nxd5 Bxd5
16.Bf4 Nf6 17.Qe2 Qb6 18.Be3 Rfd8 19.Rdc1 Qb7 20.f3 Bd6 21.a4 bxa4 22.Rxa4 a5
23.Bc4 Bxe5 24.dxe5 Bxc4 25.Raxc4 Nd5 26.Bg5 Rf8 27.Rc6 h6 28.Be3 Rac8 29.Rxc8 Rxc8
30.Rxc8+ Qxc8 31.Qd2 Qc4 32.Bb6 a4 33.Bd4 Kf7 34.g3 g5 35.h4 gxh4 36.gxh4 Kg6
37.f4 Qb3 38.Kg2 Qd3 39.Qf2 Kh5 40.Qf3+ Qxf3+ 41.Kxf3 Kxh4 42.Bc5 Kh3 43.Bd6 Nb6
44.Bc5 Nc4 45.Bd4 h5 46.Bc3 h4 47.Bd4 Nd2+ 48.Ke2 Kg2  0-1

[Event "Titled Tue 2nd Sep 2025"]
[Site "chess.com INT"]
[Date "2025.09.02"]
[Round "1"]
[White "Cevizci,Yusuf Baran"]
[Black "Nakamura,Hi"]
[Result "0-1"]
[WhiteElo "2094"]
[BlackElo "2807"]

1.e4 g6 2.d4 Bg7 3.Nf3 c6 4.Bd3 d6 5.h3 Nf6 6.a4 a5 7.O-O O-O 8.Nbd2 Qc7
9.Re1 e5 10.dxe5 dxe5 11.Nc4 Re8 12.b3 Na6 13.Bb2 Nd7 14.Ba3 Ndc5 15.Bf1 Rd8
16.Qc1 f6 17.Qe3 Bf8 18.Qc3 b6 19.Nfd2 Nb4 20.Ne3 Kg7 21.Bc4 Rd4 22.f3 Bb7
23.Rad1 Rad8 24.Ndf1 R8d7 25.Qa1 Qd8 26.c3 Rxd1 27.Rxd1 Rxd1 28.Qxd1 Qxd1
29.Nxd1 Nc2 30.Bc1 b5 31.axb5 cxb5 32.Bxb5 Nxb3 33.Bb2 Bc5+ 34.Kh1 Na3 35.Ba4 Ba6
36.Bxb3 Bxf1 37.Ne3 Bd3 38.Bxa3 Bxe3 39.c4 Bd2 40.c5 Bb4 41.Bxb4 axb4 42.c6 Bb5
43.c7 Bd7 44.Kg1 Kf8 45.Kf2 Ke7 46.Ke3 Kd6 47.h4 Kxc7 48.Bg8 h6 49.Kd3 Bb5+
50.Kc2 Kb6 51.Kb3 Kc5 52.g3 g5 53.hxg5 fxg5 54.Be6 h5 55.Bf7 h4 56.gxh4 gxh4
57.Be6 Be2 58.Bg4 Bd1+ 59.Kb2 Kd4 60.Bh5 h3  0-1

[Event "Titled Tue 2nd Sep 2025"]
[Site "chess.com INT"]
[Date "2025.09.02"]
[Round "2"]
[White "Nakamura,Hi"]
[Black "Matinian,N"]
[Result "1-0"]
[WhiteElo "2807"]
[BlackElo "2414"]

1.Nf3 Nf6 2.b3 g6 3.Bb2 Bg7 4.d4 d6 5.e3 O-O 6.Be2 b6 7.O-O Bb7 8.c4 Nbd7
9.Qc2 c5 10.Rd1 cxd4 11.Nxd4 Rc8 12.Nc3 a6 13.Rac1 Rc7 14.Qb1 Qa8 15.Bf1 Rfc8
16.Qa1 Nc5 17.Nde2 Nce4 18.Nxe4 Bxe4 19.Nf4 e5 20.Ne2 Qc6 21.Ng3 h5 22.h3 h4
23.Nxe4 Nxe4 24.Be2 f5 25.Bf3 Kh7 26.Rd3 b5 27.Rdd1 bxc4 28.Rxc4 Qb7 29.Be2 Rxc4
30.Bxc4 Nf6 31.Rxd6 Ne4 32.Rd1 Rc5 33.Qb1 Ng5 34.Qd3 e4 35.Qd8 Bxb2 36.Rd7+ Qxd7
37.Qxd7+ Bg7 38.Qe7  1-0

[Event "Titled Tue 2nd Sep 2025"]
[Site "chess.com INT"]
[Date "2025.09.02"]
[Round "3"]
[White "Molina,Rob"]
[Black "Nakamura,Hi"]
[Result "1/2-1/2"]
[WhiteElo "2378"]
[BlackElo "2807"]

1.d4 g6 2.Nf3 f5 3.g3 Nf6 4.Bg2 Bg7 5.c4 d6 6.Nc3 O-O 7.O-O c6 8.d5 e5 9.dxe6 Bxe6
10.b3 Re8 11.Nd4 Bf7 12.Bb2 Nbd7 13.e3 Nc5 14.Qc2 a5 15.Rad1 Qe7 16.Rfe1 Ng4
17.h3 Ne5 18.Nce2 a4 19.Nf4 axb3 20.axb3 Ned7 21.Ra1 Rac8 22.Rad1 Na6 23.Nf3 Ne5
24.Qb1 Nc5 25.Qc2 Ne4 26.Nd4 Nc5 27.Nf3 b5 28.Nxe5 dxe5 29.Nd3 Nxb3 30.Qxb3 bxc4
31.Qc2 cxd3 32.Rxd3 e4 33.Rd2 c5 34.Bxg7 Kxg7 35.Rc1 c4 36.Qc3+ Qf6 37.Rd4 Red8
38.Rcd1 Rxd4 39.Rxd4 Rb8 40.Bf1 Rb3 41.Qa5 Rb1 42.Kg2 Rc1 43.Rd7 Rc2 44.Qd5 Kf8
45.Rd8+ Kg7 46.Rd7 f4 47.gxf4 Kg8 48.Rd8+ Kg7 49.Rd7 Kg8 50.Rd8+ Kg7 51.Rd7  1/2-1/2

[Event "Titled Tue 2nd Sep 2025"]
[Site "chess.com INT"]
[Date "2025.09.02"]
[Round "4"]
[White "Lebedev,Artem S."]
[Black "Nakamura,Hi"]
[Result "1-0"]
[WhiteElo "2198"]
[BlackElo "2807"]

1.e4 g6 2.d4 Bg7 3.Nc3 a6 4.Nf3 d6 5.Be3 Nd7 6.Qd2 b5 7.h4 h6 8.O-O-O Nb6
9.h5 g5 10.e5 f5 11.exf6 Nxf6 12.Bd3 Be6 13.d5 Nbxd5 14.Bg6+ Kf8 15.Nd4 Bg8
16.Nxd5 Nxd5 17.f4 g4 18.f5 c5 19.Ne6+ Bxe6 20.fxe6 Nxe3 21.Qxe3 Bf6 22.Qe4 Kg7
23.Bf7 Rh7 24.Rhf1 Kh8 25.Rxf6 exf6 26.e7 Qc8  1-0

[Event "Titled Tue 2nd Sep 2025"]
[Site "chess.com INT"]
[Date "2025.09.02"]
[Round "5"]
[White "Nakamura,Hi"]
[Black "Atis,Hasan"]
[Result "1-0"]
[WhiteElo "2807"]
[BlackElo "2104"]

1.b3 d5 2.Bb2 c5 3.e3 Nc6 4.Bb5 Bd7 5.Nf3 e6 6.O-O a6 7.Bxc6 Bxc6 8.Ne5 Qc7
9.d3 Nf6 10.f4 Be7 11.Nd2 O-O 12.Rf3 d4 13.e4 Nd7 14.Nxc6 Qxc6 15.Qe2 e5
16.fxe5 Nxe5 17.Rf5 Qe6 18.Nf3 Nxf3+ 19.Rxf3 Bd6 20.Raf1 Rae8 21.Qf2 Be5
22.Bc1 f6 23.Bf4 b5 24.Bxe5 Qxe5 25.Rf5 Qc7 26.h4 Rf7 27.g4 Re5 28.Rf3 h6
29.Kg2 Rd7 30.Rg3 c4 31.g5 hxg5 32.hxg5 f5 33.g6 cxb3 34.cxb3 Rd6 35.Qf4 Rc6
36.Qh4 Rc2+ 37.Kh1 Kf8 38.Qh8+ Ke7 39.Qxg7+ Kd6 40.Qxc7+ Kxc7 41.g7 f4 42.g8=Q Rh5+
43.Kg1 fxg3 44.Qf7+  1-0

[Event "Titled Tue 2nd Sep 2025"]
[Site "chess.com INT"]
[Date "2025.09.02"]
[Round "6"]
[White "Dinesh,Rajan M"]
[Black "Nakamura,Hi"]
[Result "0-1"]
[WhiteElo "2206"]
[BlackElo "2807"]

1.e4 g6 2.d4 Bg7 3.Nc3 a6 4.a4 d6 5.Be3 b6 6.h3 Bb7 7.Nf3 Nd7 8.Bc4 e6 9.Qd2 h6
10.d5 e5 11.a5 Ne7 12.axb6 cxb6 13.O-O f5 14.exf5 gxf5 15.Qd1 O-O 16.Ne1 b5
17.Be2 Nf6 18.Bf3 e4 19.Be2 Nfxd5 20.Bd4 Nxc3 21.bxc3 Ng6 22.Bxg7 Kxg7 23.c4 bxc4
24.Bxc4 d5 25.Rb1 Bc6 26.Ba2 Nf4 27.Qd4+ Qf6 28.Qe3 Ng6 29.Rb6 Rfb8 30.c3 d4
31.Qg3 f4 32.Rxc6 Qxc6 33.Qg4 d3 34.Qf5 Rf8 35.Qa5 Rad8 36.Bb3 d2 37.Ba4 Qd5
38.Qc7+ Rf7 39.Qb6 Rd6 40.Qb8 f3 41.Bb3 d1=Q 42.Bxd1 Qxd1 43.Nxf3 exf3 44.Rxd1 Rxd1+
45.Kh2 fxg2 46.Kxg2 Rd2 47.Qb6 Rdxf2+ 48.Kg1 R2f6 49.Qd4 Nf4 50.Kh2 Kh7 51.c4 Rg6
52.c5 Ne6 53.Qe3 Rfg7 54.c6 Rg2+ 55.Kh1 Rg1+ 56.Qxg1 Rxg1+ 57.Kxg1 Kg6 58.c7 Nxc7
59.Kf2 a5 60.Ke3 a4 61.Kf3 a3 62.Kg4 a2 63.Kh4 h5 64.Kg3 Kg5 65.h4+ Kf5 66.Kf3 Nd5
67.Kg3 Ke4 68.Kf2 Nf4 69.Ke1 a1=B 70.Kf2 Bf6 71.Kg3 Ke3 72.Kh2 Bxh4 73.Kh1 Kf3
74.Kg1 Bg3 75.Kf1 h4 76.Kg1 h3 77.Kh1 Nd3 78.Kg1 Nf2 79.Kf1 h2 80.Ke1 Ke3
81.Kf1 h1=B 82.Kg1 Bd5 83.Kf1 Be5 84.Ke1 Bc3+ 85.Kf1 Be1 86.Kg1 Bb4 87.Kh2 Kf3
88.Kg1 Kg3 89.Kf1 Bc4+ 90.Kg1 Ng4 91.Kh1 Bc3 92.Kg1 Bd4+ 93.Kh1 Bg1 94.Kxg1 Bd3
95.Kh1 Nf2+ 96.Kg1 Nh3+ 97.Kh1 Be4+  0-1

[Event "Titled Tue 2nd Sep 2025"]
[Site "chess.com INT"]
[Date "2025.09.02"]
[Round "7"]
[White "Nakamura,Hi"]
[Black "Lortkipanidze,N"]
[Result "1-0"]
[WhiteElo "2807"]
[BlackElo "2359"]

1.c4 e6 2.Nf3 b6 3.e3 Bb7 4.b3 f5 5.Bb2 Nf6 6.d3 Bb4+ 7.Nbd2 O-O 8.a3 Bxd2+
9.Nxd2 d6 10.Be2 Nbd7 11.O-O Qe8 12.f3 e5 13.Re1 Qh5 14.d4 Rae8 15.Nf1 Qh6
16.d5 g5 17.b4 f4 18.Bd3 Re7 19.Bf5 Bc8 20.Qc2 Rg7 21.g4 fxg3 22.Nxg3 g4
23.f4 exf4 24.exf4 Qxf4 25.Be6+ Kh8 26.Bc1 Qd4+ 27.Be3 Qe5 28.Bxb6 axb6 29.Rxe5 Nxe5
30.Bxc8 Rxc8 31.a4 Nf3+ 32.Kh1 Re8 33.Qf5 Nd7 34.a5 Rge7 35.Qxg4 Re1+ 36.Rxe1 Rxe1+
37.Kg2 Rg1+ 38.Kf2 Nde5 39.Qc8+ Kg7 40.Qxc7+ Kg8 41.Qc8+ Kg7 42.axb6 Rc1
43.b7 Rc2+ 44.Ne2 Nd4 45.Qc7+ Nf7  1-0

[Event "Titled Tue 2nd Sep 2025"]
[Site "chess.com INT"]
[Date "2025.09.02"]
[Round "8"]
[White "Nakamura,Hi"]
[Black "Drygalov,Sergey"]
[Result "1-0"]
[WhiteElo "2807"]
[BlackElo "2560"]

1.c4 e6 2.Nf3 Nf6 3.b3 b6 4.g3 Bb7 5.Bg2 Be7 6.Bb2 O-O 7.O-O d5 8.d3 c5 9.e3 Nc6
10.Qe2 a6 11.Nbd2 Re8 12.a3 b5 13.Rfc1 Qb6 14.Rab1 Rad8 15.cxd5 exd5 16.Qd1 d4
17.e4 Bf8 18.Qc2 Ba8 19.h3 Nd7 20.Nh2 Bb7 21.f4 f5 22.exf5 Ne7 23.f6 Nxf6
24.Ne4 Ned5 25.Nf1 Nxe4 26.Bxe4 Ne3 27.Nxe3 dxe3 28.Bxb7 Qxb7 29.Qe2 Qd5
30.Rd1 Bd6 31.h4 Re6 32.Kh2 Rde8 33.Rf1 Qf5 34.Rf3 c4 35.bxc4 bxc4 36.Rd1 Bc5
37.dxc4 Rb6 38.Be5 Qe4 39.Rd5 Rc8 40.Rd7 Bf8 41.Rxe3 Qf5 42.Qd3 Qg4 43.Qd5+ Kh8
44.Rd8 Qf5 45.Bxg7+  1-0

[Event "Titled Tue 2nd Sep 2025"]
[Site "chess.com INT"]
[Date "2025.09.02"]
[Round "9"]
[White "Esipenko,Andrey"]
[Black "Nakamura,Hi"]
[Result "1-0"]
[WhiteElo "2682"]
[BlackElo "2807"]

1.e4 c5 2.Nf3 Nc6 3.d4 cxd4 4.Nxd4 e5 5.Nb5 d6 6.N1c3 a6 7.Na3 Be6 8.Nc4 Rb8
9.Ne3 Nf6 10.Bd3 g6 11.O-O Bg7 12.Re1 O-O 13.Ncd5 Bxd5 14.exd5 Ne7 15.c4 Nd7
16.Rb1 f5 17.b4 b6 18.Rb3 Qc7 19.a3 Kh8 20.Bb2 Ng8 21.Nf1 Ngf6 22.Be2 Rbe8
23.h4 e4 24.h5 Ne5 25.hxg6 hxg6 26.Rh3+ Kg8 27.Nd2 g5 28.Bxe5 Rxe5 29.Nb3 g4
30.Rh1 e3 31.Bd3 exf2+ 32.Kxf2 Ne4+ 33.Kg1 Ng3 34.Rxe5 Bxe5 35.Rh6 Qg7 36.Qd2 Rf6
37.Rxf6 Qxf6 38.Qe3 b5 39.cxb5 axb5 40.Qb6 Bf4 41.Bxb5 Qe5 42.Qd8+ Kg7 43.Qd7+ Kf8
44.Qd8+ Kf7 45.Qd7+ Kf6 46.Qd8+ Kg7 47.Qd7+ Kg6 48.Qe6+ Qxe6 49.dxe6 Kf6
50.Bc4 Ne4 51.a4 Nc3 52.a5 d5 53.Bd3 Be3+ 54.Kf1 Kxe6 55.b5 Kd6 56.b6 Kc6
57.Bxf5 g3 58.Ke1 Bf2+ 59.Kf1 Na2 60.Bg6 Nb4 61.Be8+ Kb7 62.Bb5 d4 63.Ke2 d3+
64.Bxd3 Kc6 65.Be4+ Kb5 66.b7 Na6 67.Bd3+ Kc6 68.Bxa6 Kc7 69.Bb5 Kb8 70.a6 Ka7
71.Na5 Kb6 72.Nc6 Kxb5 73.b8=Q+ Kxc6 74.Qb7+ Kd6 75.a7  1-0

[Event "Titled Tue 2nd Sep 2025"]
[Site "chess.com INT"]
[Date "2025.09.02"]
[Round "10"]
[White "Nakamura,Hi"]
[Black "Navara,D"]
[Result "1/2-1/2"]
[WhiteElo "2807"]
[BlackElo "2650"]

1.Nf3 d5 2.g3 g6 3.Bg2 Bg7 4.d4 Nf6 5.O-O O-O 6.c4 c6 7.Qb3 Qb6 8.Nc3 Rd8
9.Rd1 Bf5 10.Qa3 dxc4 11.Ne5 Be6 12.Na4 Qc7 13.Bf4 Qc8 14.Nb6 axb6 15.Qxa8 Na6
16.Qxc8 Rxc8 17.a4 Nd5 18.Rdc1 Nxf4 19.gxf4 Nb4 20.e3 Bxe5 21.fxe5 Nd3 22.Rc2 Rc7
23.Bf1 Bd5 24.Bxd3 cxd3 25.Rc3 Be4 26.Kf1 g5 27.Ke1 g4 28.Rb3 c5 29.Rc1 Rc6
30.dxc5 bxc5 31.Rc4 Bf3 32.Rxd3 Rh6 33.e4 Rxh2 34.Rxf3 gxf3 35.Rxc5 Rh4 36.Rc4 h5
37.Kd2 Rh1 38.Ke3 h4 39.e6 fxe6 40.Kxf3 Rg1 41.e5 h3 42.Rh4 Rb1 43.Rxh3 Rxb2
44.Rh4 b5 45.axb5 Rxb5 46.Re4 Kf7 47.Kg4 Kg6 48.Re3 Rb4+ 49.f4 Rb1 50.Rg3 Rf1
51.Rg2 Kf7 52.Rh2 Kg6 53.Rg2 Kf7 54.Kg5 Kg7 55.Rg3 Rf2 56.Kh4+ Kf7 57.Kg4 Rf1
58.Rh3 Kg6 59.Rh8 Kg7 60.Ra8 Kf7 61.Ra7 Rg1+ 62.Kf3 Rf1+ 63.Kg3 Rg1+ 64.Kf2 Rb1
65.Ra3 Rb2+ 66.Kf3 Rb4 67.Kg4 Rb1 68.Rh3 Rg1+ 69.Kf3 Rf1+ 70.Ke3 Re1+ 71.Kf2 Rb1
72.Rh7+ Kf8 73.Kf3 Rf1+ 74.Ke3 Re1+ 75.Kf2 Rb1 76.Rh6 Kf7 77.Kg2 Rb2+ 78.Kg3 Rb1
79.Rh2 Rb3+ 80.Kg4 Rb1 81.Rg2 Rf1  1/2-1/2

[Event "Titled Tue 2nd Sep 2025"]
[Site "chess.com INT"]
[Date "2025.09.02"]
[Round "11"]
[White "Hansen,Eric"]
[Black "Nakamura,Hi"]
[Result "0-1"]
[WhiteElo "2609"]
[BlackElo "2807"]

1.e4 c5 2.Nf3 Nc6 3.Bb5 d6 4.O-O Bd7 5.c3 Nf6 6.Re1 a6 7.Bf1 Bg4 8.h3 Bxf3
9.Qxf3 g6 10.d3 Bg7 11.Qd1 b5 12.a3 O-O 13.Nd2 a5 14.Nf3 b4 15.d4 Nd7 16.Be3 Rb8
17.axb4 axb4 18.Ra6 Qc7 19.Qd2 Rfd8 20.Rea1 Nf6 21.d5 bxc3 22.bxc3 Nxe4 23.Qc2 Nxc3
24.dxc6 Nd5 25.Bd2 Bxa1 26.Ba5 Nb6 27.Qb1 Qxc6 28.Qxa1 Rb7 29.Bd2 Qd5 30.Bh6 f6
31.Qc3 Qf7 32.Bd2 Rdb8 33.Qc2 Nd7 34.Bc4 d5 35.Bf1 e5 36.Qa4 c4 37.Rd6 Nc5
38.Qc6 Ne4 39.Qxd5 Nxd6 40.Qxd6 Rc8 41.Bc3 Rd7 42.Qa6 Rdc7 43.Nd2 Rc6 44.Qa5 Qc7
45.Qa1 Qd7 46.f4 Qd5 47.fxe5 Qc5+ 48.Kh1 Qd5 49.Be2 Qxg2+  0-1

[Event "70th Iowa Open 2025"]
[Site "Iowa City USA"]
[Date "2025.09.06"]
[Round "1.1"]
[White "Nakamura,Hi"]
[Black "Darr,Benjamin"]
[Result "1-0"]
[WhiteElo "2807"]
[BlackElo "1915"]

1.d4 d5 2.Bg5 Nf6 3.e3 c5 4.Bxf6 exf6 5.Nc3 Be6 6.Nge2 Nc6 7.Qd2 c4 8.a3 a6
9.g3 Bd6 10.Bg2 Ne7 11.e4 Bc7 12.O-O O-O 13.exd5 Nxd5 14.Ne4 Ba5 15.c3 f5
16.Nc5 b6 17.Nxe6 fxe6 18.Rfe1 Ra7 19.Bxd5 exd5 20.Nf4 Rf6 21.Re5 Rd7 22.Rae1 Kf7
23.Qe2 g6 24.Re8 Qc7 25.Nxd5  1-0

[Event "70th Iowa Open 2025"]
[Site "Iowa City USA"]
[Date "2025.09.06"]
[Round "2.1"]
[White "Pikus,Matthew"]
[Black "Nakamura,Hi"]
[Result "0-1"]
[WhiteElo "1946"]
[BlackElo "2807"]

1.d4 Nf6 2.Nc3 d5 3.Bf4 g6 4.e3 c6 5.h4 h5 6.Nf3 Bg7 7.Be2 a5 8.Ne5 Nbd7
9.f3 Nxe5 10.Bxe5 b5 11.a4 b4 12.Nb1 Bh6 13.Kf2 O-O 14.Nd2 Nd7 15.Bg3 e5
16.Re1 Bg7 17.Nb3 Bf6 18.Rh1 Re8 19.Qd2 Qe7 20.Rad1 Bb7 21.c3 bxc3 22.bxc3 Ba6
23.Bxa6 Rxa6 24.Qd3 Rb6 25.Rb1 Qa3 26.Nd2 Reb8 27.Ra1 Qe7 28.Ra2 Rb2 29.Rxb2 Rxb2
30.Rb1 Ra2 31.dxe5 Nxe5 32.Bxe5 Qxe5  0-1

[Event "70th Iowa Open 2025"]
[Site "Iowa City USA"]
[Date "2025.09.06"]
[Round "3.1"]
[White "Nakamura,Hi"]
[Black "Zagar,Dane"]
[Result "1-0"]
[WhiteElo "2807"]
[BlackElo "1950"]

1.d4 d5 2.c4 e6 3.Nc3 Be7 4.cxd5 exd5 5.Bf4 c6 6.e3 Bd6 7.Bxd6 Qxd6 8.Bd3 Ne7
9.Qc2 Qf6 10.Nge2 Bf5 11.O-O Bxd3 12.Qxd3 Qg6 13.Qd2 a5 14.f3 Nd7 15.e4 Nb6
16.b3 O-O 17.Rfe1 Rfd8 18.Rad1 h5 19.Qf4 Rd7 20.Qh4 Qh6 21.Ng3 Ng6 22.Qxh5 Qxh5
23.Nxh5 dxe4 24.fxe4 Rad8 25.Ne2 Nf8 26.Rd2 Ne6 27.Red1 Ng5 28.Nhg3 g6 29.Nc3 f6
30.h4 Ne6 31.Nce2 Nc8 32.h5 g5 33.d5 cxd5 34.exd5 Nc5 35.Nf5 Ne7 36.Nxe7+ Rxe7
37.Ng3 Re5 38.Rf2 Rf8 39.Rdf1 Nd7 40.Nf5 Kh7 41.Rc2 Rxd5 42.Rc7 Re8 43.Rxb7 Re2
44.Ng3 Re6 45.Kh2 Kh6 46.Nf5+ Kh7 47.Rf3 g4 48.Re3  1-0

[Event "70th Iowa Open 2025"]
[Site "Iowa City USA"]
[Date "2025.09.07"]
[Round "4.1"]
[White "Rao,Anjaneya Sripathy"]
[Black "Nakamura,Hi"]
[Result "0-1"]
[WhiteElo "2145"]
[BlackElo "2807"]

1.e4 c5 2.Nf3 Nc6 3.Bb5 Nf6 4.Bxc6 dxc6 5.d3 g6 6.Be3 b6 7.h3 Bg7 8.Nc3 Nd7
9.Qd2 h6 10.O-O-O Qc7 11.d4 cxd4 12.Bxd4 e5 13.Be3 Ba6 14.Kb1 O-O-O 15.g4 Nc5
16.Qc1 Ne6 17.Rxd8+ Qxd8 18.h4 Qf6 19.Rh3 Nd4 20.g5 Qe6 21.Rg3 hxg5 22.Nxg5 Qe7
23.Qh1 Kb8 24.a3 Bc8 25.f4 exf4 26.Bxf4+ Kb7 27.Rd3 Ne6 28.Nxe6 Bxe6 29.Qd1 Qxh4
30.Rd7+ Ka8 31.Ne2 Bxd7 32.Qxd7 Qf6 33.Nd4 Qxf4  0-1

[Event "70th Iowa Open 2025"]
[Site "Iowa City USA"]
[Date "2025.09.07"]
[Round "5.1"]
[White "Nakamura,Hi"]
[Black "Khanbutaev,Artemii"]
[Result "1-0"]
[WhiteElo "2807"]
[BlackElo "2145"]

1.c4 Nf6 2.Nc3 e6 3.e4 c5 4.Nf3 Nc6 5.d4 cxd4 6.Nxd4 Bb4 7.Nxc6 bxc6 8.Bd3 e5
9.O-O O-O 10.Be3 Re8 11.Rc1 Qe7 12.a3 Bc5 13.Bxc5 Qxc5 14.Na4 Qe7 15.c5 Rd8
16.Qe2 d5 17.cxd6 Qxd6 18.Rc3 Bg4 19.Qe3 Qd4 20.Qxd4 Rxd4 21.Nc5 Nd7 22.Na6 Nb6
23.Nc5 Nd7 24.Nb3 Rd6 25.f3 Be6 26.Na5 Nb6 27.Bc2 Rc8 28.b4 Kf8 29.Rc1 Ke7
30.Kf1 Bd7 31.Ke2 Be8 32.Ke3 Rc7 33.Bd3 f5 34.Rc5 f4+ 35.Ke2 Kf6 36.Bb5 Ke6
37.Bxc6  1-0

[Event "Titled Tue 9th Sep 2025"]
[Site "chess.com INT"]
[Date "2025.09.09"]
[Round "1"]
[White "Khazhatuly,Alikhan"]
[Black "Nakamura,Hi"]
[Result "0-1"]
[WhiteElo "2142"]
[BlackElo "2807"]

1.e4 c5 2.Nf3 e6 3.d4 cxd4 4.Nxd4 a6 5.Bd3 Nf6 6.O-O Qc7 7.Nc3 Nc6 8.Nb3 b5
9.a3 Bb7 10.Qe2 h5 11.Bd2 Ne5 12.f4 Nc4 13.e5 Nd5 14.Nxd5 Bxd5 15.Bc3 Nxa3
16.f5 Nc4 17.fxe6 dxe6 18.Qf2 g6 19.Qf6 Rg8 20.Bxc4 bxc4 21.Nd2 Bc5+ 22.Kh1 Qb7
23.Qg5 h4 24.h3 Rh8 25.Ra5 Rh5 26.Qg4 Rc8 27.Raa1 Be7 28.Nf3 Rf5 29.Rad1 Rd8
30.Rd4 Qc6 31.Rf4 Rd7 32.Rxf5 exf5 33.Qf4 Be6 34.Nxh4 Qe4 35.Qxe4 fxe4 36.g3 Bxh3
37.Re1 g5 38.Kh2 Be6 39.Ng2 Bc5 40.Rxe4 Bd5 41.Re2 Ke7 42.Rd2 Rd8 43.Ne1 Rh8+  0-1

[Event "Titled Tue 9th Sep 2025"]
[Site "chess.com INT"]
[Date "2025.09.09"]
[Round "2"]
[White "Nakamura,Hi"]
[Black "Weetik,V"]
[Result "0-1"]
[WhiteElo "2807"]
[BlackElo "2423"]

1.Nf3 Nf6 2.b3 d5 3.Bb2 Bg4 4.e3 Nbd7 5.Be2 e6 6.d3 Bd6 7.h3 Bxf3 8.Bxf3 c6
9.Nd2 Qe7 10.a3 e5 11.e4 O-O 12.O-O d4 13.g3 Bc7 14.Bg2 c5 15.f4 b5 16.Bc1 Ne8
17.a4 Nd6 18.axb5 Nxb5 19.Nc4 f6 20.h4 Nb6 21.Na5 Nc3 22.Qe1 exf4 23.gxf4 Rae8
24.Bd2 Qd7 25.Bxc3 dxc3 26.Qf2 Qg4 27.Nc4 Nxc4 28.bxc4 g5 29.hxg5 fxg5 30.f5 Qh5
31.Rfb1 Rc8 32.Qe3 Be5 33.Qh3 Qe2 34.Rxa7 Rc7 35.Ra2 h5 36.Qf3 Qxf3 37.Bxf3 g4
38.Be2 Rff7 39.Rb6 Rb7 40.Rh6 Ra7 41.Rxa7 Rxa7 42.Rxh5 Ra2 43.Kf2 Rxc2 44.Rg5+ Kf8
45.Rxg4 Bd4+ 46.Ke1 Rc1+ 47.Bd1 c2  0-1

[Event "Titled Tue 9th Sep 2025"]
[Site "chess.com INT"]
[Date "2025.09.09"]
[Round "3"]
[White "Troltenier,D"]
[Black "Nakamura,Hi"]
[Result "0-1"]
[WhiteElo "2162"]
[BlackElo "2807"]

1.e4 g6 2.d4 Bg7 3.Nc3 a6 4.a4 d6 5.f4 Nc6 6.Nf3 Bg4 7.Be3 e6 8.Be2 d5 9.Qd2 Nge7
10.e5 Nf5 11.Bf2 Bxf3 12.Bxf3 h5 13.Nd1 f6 14.O-O O-O 15.Kh1 Bh6 16.g3 fxe5
17.dxe5 Nxe5 18.Bg2 Nc4 19.Qb4 b6 20.b3 Ncd6 21.Ne3 c5 22.Qe1 Re8 23.Rd1 a5
24.Qe2 Ra7 25.Qd3 Rd7 26.Rfe1 Kh7 27.Nxf5 Nxf5 28.Bh3 Bg7 29.Re2 Rd6 30.Rde1 Qf6
31.Rd1 Qf7 32.Rde1 Qf6 33.Rd1 e5 34.fxe5 Rxe5 35.Rxe5 Qxe5 36.Re1 Qf6 37.Kg2 Qf7
38.Re2 Rf6 39.Qd1 d4 40.Qe1 d3 41.cxd3 Qxb3 42.Qd2 Qxa4 43.Bxf5 Rxf5 44.Re7 Qc6+
45.Kg1 Qf6 46.Qe2 Rxf2 47.Rxg7+ Kxg7 48.Qxf2 Qxf2+  0-1

[Event "Titled Tue 9th Sep 2025"]
[Site "chess.com INT"]
[Date "2025.09.09"]
[Round "4"]
[White "Nakamura,Hi"]
[Black "Mindlin,A"]
[Result "1-0"]
[WhiteElo "2807"]
[BlackElo "2451"]

1.b3 d5 2.Bb2 Bg4 3.g3 Nf6 4.Bg2 e6 5.Nf3 Bxf3 6.Bxf3 Nbd7 7.d3 Bd6 8.Nd2 Qe7
9.a3 O-O-O 10.e3 Kb8 11.b4 h5 12.h4 Ne5 13.Bg2 Neg4 14.Qe2 c6 15.Nb3 Nd7
16.c4 dxc4 17.dxc4 Bxb4+ 18.Kf1 Bd6 19.Bxg7 Rhg8 20.Bb2 Nc5 21.Nxc5 Bxc5
22.Bf3 Ka8 23.Kg2 Qc7 24.Bxg4 Rxg4 25.Rad1 Rdg8 26.Qf3 a6 27.Rd3 Rxc4 28.Qxh5 Bd6
29.Rxd6 Qxd6 30.Qe5 Qd2 31.Qf6 Rc2 32.Bd4 e5 33.Bb6 Rb2 34.Qxf7 Qd5+ 35.Qxd5 cxd5
36.Bc7 Re8 37.Rd1 Rc2 38.Bb6 d4 39.exd4 e4 40.d5 e3 41.d6 Rxf2+ 42.Kh3 e2
43.d7 Rd8 44.Re1  1-0

[Event "Titled Tue 9th Sep 2025"]
[Site "chess.com INT"]
[Date "2025.09.09"]
[Round "5"]
[White "Sklokin,Sergey"]
[Black "Nakamura,Hi"]
[Result "0-1"]
[WhiteElo "2323"]
[BlackElo "2807"]

1.d4 d5 2.c4 e6 3.Nf3 Nf6 4.g3 Bb4+ 5.Nbd2 O-O 6.Bg2 c6 7.O-O b6 8.Qc2 Bb7
9.Rd1 Nbd7 10.e4 Rc8 11.e5 Ne8 12.a3 Be7 13.cxd5 cxd5 14.Qd3 Nc7 15.h4 Ba6
16.Qe3 Qe8 17.Nf1 f6 18.N1h2 f5 19.Qe1 h6 20.Be3 Bb5 21.Rac1 Ba4 22.Rd3 Na6
23.Rdc3 Rxc3 24.Qxc3 Ndb8 25.b3 Bd7 26.a4 Ba3 27.Ra1 Qe7 28.Bf1 Rc8 29.Qd2 Bb4
30.Qd1 Bc3 31.Rc1 Nb4 32.Bd2 Bxd2 33.Qxd2 Rxc1 34.Qxc1 Qd8 35.Qd2 a5 36.g4 fxg4
37.Nxg4 Qf8 38.Be2 Be8 39.Nfh2 N8c6 40.Nf1 Qf5 41.Ng3 Qb1+ 42.Kg2 Nc2 43.Kh3 N2xd4
44.Bd3 Qxb3 45.Nf6+ gxf6 46.exf6 Nf5 47.Bxf5 exf5 48.Qxh6 Kf7 49.Qh5+ Kxf6
50.Qxe8 Ne7 51.Qf8+ Ke6 52.h5 Qf3 53.h6 Qg4+ 54.Kg2 Ng6 55.Qg7 Nf4+ 56.Kh2 Qh3+  0-1